00611nam a22001697a 450000500170000001000150001702000260003203500140005803700130007208200140008524501480009926000540024727000740030130000200037570000200039570000260041520170627144116.0 aENG-118919 a9789385494147c950.00 aEN-102451 bDBAD/PUB a338.10954 aImpact of globalization on agrarian crisis:ba study of factors affecting indian farmers /cedited by Sangeeta Mohan [and] Krishna Mohan Sharma aNew DelhibFalguni Publishers& Distributorsc2016 a204, IInd Floor, Durga Complex, CSC, Mayur Vihar-II, New Delhi-110092 a100pc22cm.(Hb) aMohan, Sangeeta aSharma, Krishna Mohan